Normal view MARC view
  • Gilbert Raymond lan

Entry Personal Name

Number of records used in: 1

001 - CONTROL NUMBER

  • control field: 18418

003 - CONTROL NUMBER IDENTIFIER

  • control field: NUST

005 - DATE AND TIME OF LATEST TRANSACTION

  • control field: 20190723124417.0

008 - FIXED-LENGTH DATA ELEMENTS

  • fixed length control field: 190723|| aca||aabn | a|a d

040 ## - CATALOGING SOURCE

  • Original cataloging agency: NUST
  • Transcribing agency: NUST

100 ## - HEADING--PERSONAL NAME

  • Personal name: Gilbert Raymond lan

670 ## - SOURCE DATA FOUND

  • Source citation: Work cat.: (NUST): Gilbert Raymond lan , Design of prestressed concrete to eurocode 2, 2017
© 2023 Central Library, National University of Sciences and Technology. All Rights Reserved.